Tennis - Le joueur est associé à un tournoi qu'il a gagné-Mort subite - Statistiques

Statistiques générales
  • Ce quiz a été pris 245 fois
  • Le résultat moyen est 5 sur 15
Answers on the Grid
Answers color-coded by a green-red scale on the quiz's grid according to % correct below.
Mirra Andreeva - Indian Wells
Iga Swiatek - US Open
Carlos Alcaraz - Open d'Australie
Holger Rune - Bercy
Aryna Sabalenka - Rome
Karolina Muchova - Cincinnati
Stanislas Wawrinka - Madrid
Dominic Thiem - Roland Garros
Daniil Medvedev - Shanghai
Novak Djokovic - Queen's
Belinda Bencic - JO
Caroline Garcia - Masters WTA
Zheng Qinwen - Wuhan
Jannik Sinner - Miami
Stefanos Tsitsipas - Monte Carlo
Petra Kvitova - Wimbledon
Alex de Minaur - Acapulco
Coco Gauff - Doha
Elena Rybakina - Brisbane
David Goffin - Tokyo
Karolina Pliskova - Zhengzhou
Ugo Humbert - Marseille
Jessica Pegula - Adelaïde
Danielle Collins - Charleston
Casper Ruud - Dallas
 
Statistiques - réponses
Réponse % Correct
Stefanos Tsitsipas - Monte Carlo
51%
Ugo Humbert - Marseille
50%
Holger Rune - Bercy
47%
Caroline Garcia - Masters WTA
45%
Iga Swiatek - US Open
40%
Alex de Minaur - Acapulco
38%
Jannik Sinner - Miami
34%
Belinda Bencic - JO
30%
Mirra Andreeva - Indian Wells
28%
Daniil Medvedev - Shanghai
27%
Petra Kvitova - Wimbledon
23%
David Goffin - Tokyo
16%
Danielle Collins - Charleston
15%
Elena Rybakina - Brisbane
9%
Karolina Pliskova - Zhengzhou
2%
Aucun quiz correspondant
Distribution des résultats
% des personnes avec chaque résultat
Percentile par nombre de réponses
Votre historique - résultats
Vous n’avez pas pris ce quiz